La confesión y el perdón: las dificultades de la confesión, siglos XIII a XVIII

Sparad:
Bibliografiska uppgifter
Huvudupphovsman: Delumeau, Jean (Författare, medförfattare)
Materialtyp: Bok
Språk:spanska
Publicerad: Barcelona Altaya 1997
Serie:Grandes Obras de Historia, 54
Ämnen:
Taggar: Lägg till en tagg
Inga taggar, Lägg till första taggen!

MARC

LEADER 00000nam a2200000 a 4500
001 UCL0649
003 CL-VaPUC
008 030801e19970000SP |||||||||||||||||spa|d
020 |a 8448709020 
082 0 4 |a 264.02086  |b DEL  |2 21 
100 0 |a Delumeau, Jean  |e author  |9 477348 
245 1 3 |a La confesión y el perdón: las dificultades de la confesión, siglos XIII a XVIII 
300 |a 150 p 
942 |c BK 
945 |d 20030801 00:00:00  |a cmena 
260 |a Barcelona  |b Altaya  |c 1997 
650 0 |a Sacramentos   |9 257270 
650 0 |a Historia de la iglesia   |9 257565 
650 0 |a Iglesia Católica  |9 256114 
650 7 |a CONFESION  |2 CL-VaPUC  |9 314483 
583 |a last modification  |c 20030801 00:00:00  |k Rodrigo Vera 
490 0 |a Grandes Obras de Historia, 54 
999 |c 304464  |d 304462 
952 |0 0  |1 0  |4 0  |6 264_020860000000000_DEL_1997  |7 0  |8 A  |9 366764  |a BIBHIS  |b BIBHIS  |d 2019-11-21  |i 3907031  |o 264.02086 DEL 1997  |p 3907031  |r 2025-01-20  |w 2019-11-21  |y BK  |k HIS